Tính toán quá trình thiết bị trong công nghệ hóa chất và thực phẩm
Gespeichert in:
| 1. Verfasser: | |
|---|---|
| Format: | Buch |
| Sprache: | Undetermined |
| Veröffentlicht: |
H.
KHKT
2001
|
| Schlagworte: | |
| Tags: |
Tag hinzufügen
Keine Tags, Fügen Sie den ersten Tag hinzu!
|
| Thư viện lưu trữ: | Trung tâm Học liệu Trường Đại học Cần Thơ |
|---|
| LEADER | 00628nam a2200193Ia 4500 | ||
|---|---|---|---|
| 001 | CTU_57028 | ||
| 008 | 210402s9999 xx 000 0 und d | ||
| 020 | |b 28000 | ||
| 082 | |a 681.754 | ||
| 082 | |b B311/T2 | ||
| 100 | |a Nguyễn Bin | ||
| 245 | 0 | |a Tính toán quá trình thiết bị trong công nghệ hóa chất và thực phẩm | |
| 245 | 0 | |c Nguyễn Bin | |
| 260 | |a H. | ||
| 260 | |b KHKT | ||
| 260 | |c 2001 | ||
| 650 | |a scientific apparatus and instruments,chemical engineering,chemical apparatus | ||
| 650 | |x equipment and supplies | ||
| 980 | |a Trung tâm Học liệu Trường Đại học Cần Thơ | ||